Countries of Europe Without a Map - Statistics

General Stats
  • This quiz has been taken 103 times
    78 since last reset
  • The average score is 43 of 45
Answer Stats
Initial Countries % Correct
B Belarus
97%
D Denmark
97%
F Finland
97%
F France
97%
I Iceland
97%
I Ireland
97%
N Norway
97%
P Poland
97%
P Portugal
97%
S Spain
97%
S Sweden
97%
U Ukraine
97%
U United Kingdom
97%
A Albania
96%
A Austria
96%
B Bosnia and Herzegovina
96%
B Bulgaria
96%
C Croatia
96%
E Estonia
96%
G Greece
96%
I Italy
96%
L Liechtenstein
96%
L Luxembourg
96%
M Monaco
96%
A Andorra
94%
B Belgium
94%
C Czech Republic
94%
G Germany
94%
H Hungary
94%
K Kosovo
94%
L Latvia
94%
L Lithuania
94%
S Slovakia
94%
S Slovenia
94%
V Vatican City
94%
N Netherlands
93%
R Russia
93%
S San Marino
93%
M Montenegro
91%
R Romania
91%
S Serbia
91%
S Switzerland
91%
M Moldova
90%
N North Macedonia
90%
M Malta
88%
No matching quizzes found
Score Distribution
Percent of People with Each Score
Percentile by Number Answered
Your Score History
You have not taken this quiz since the last reset